<?xml version="1.0" encoding="UTF-8"?>
<record
    xmlns:xsi="http://www.w3.org/2001/XMLSchema-instance"
    xsi:schemaLocation="http://www.loc.gov/MARC21/slim http://www.loc.gov/standards/marcxml/schema/MARC21slim.xsd"
    xmlns="http://www.loc.gov/MARC21/slim">

  <leader>00463cam a22001694a 4500</leader>
  <datafield tag="999" ind1=" " ind2=" ">
    <subfield code="c">796</subfield>
    <subfield code="d">796</subfield>
  </datafield>
  <controlfield tag="005">20220718155407.0</controlfield>
  <controlfield tag="008">031205s2004    vaua     b    001 0 eng  </controlfield>
  <datafield tag="020" ind1=" " ind2=" ">
    <subfield code="a">9780784404287</subfield>
  </datafield>
  <datafield tag="041" ind1=" " ind2=" ">
    <subfield code="a">eng</subfield>
  </datafield>
  <datafield tag="082" ind1="0" ind2="0">
    <subfield code="a">695</subfield>
    <subfield code="b">HUN/T</subfield>
  </datafield>
  <datafield tag="100" ind1="1" ind2=" ">
    <subfield code="a">Huntington, Craig G.</subfield>
  </datafield>
  <datafield tag="245" ind1="1" ind2="4">
    <subfield code="a">The Tensioned Fabric Roof /</subfield>
    <subfield code="c">Craig G. Huntington.</subfield>
  </datafield>
  <datafield tag="260" ind1=" " ind2=" ">
    <subfield code="a">Reston :</subfield>
    <subfield code="b">ASCE Press,</subfield>
    <subfield code="c">c2004.</subfield>
  </datafield>
  <datafield tag="300" ind1=" " ind2=" ">
    <subfield code="a">xiv, 203 p. </subfield>
  </datafield>
  <datafield tag="650" ind1=" " ind2="0">
    <subfield code="a">Roofs, Fabric</subfield>
    <subfield code="x">Design and construction.</subfield>
  </datafield>
  <datafield tag="942" ind1=" " ind2=" ">
    <subfield code="c">BK</subfield>
  </datafield>
  <datafield tag="952" ind1=" " ind2=" ">
    <subfield code="0">0</subfield>
    <subfield code="1">0</subfield>
    <subfield code="4">0</subfield>
    <subfield code="7">0</subfield>
    <subfield code="8">CE</subfield>
    <subfield code="a">IITTP</subfield>
    <subfield code="b">IITTP</subfield>
    <subfield code="c">GEN</subfield>
    <subfield code="d">2017-05-29</subfield>
    <subfield code="e">Shankar's Book</subfield>
    <subfield code="g">5564.44</subfield>
    <subfield code="i">IN18251/17-18</subfield>
    <subfield code="l">0</subfield>
    <subfield code="o">695 HUN/T</subfield>
    <subfield code="p">02488</subfield>
    <subfield code="r">2017-05-29 00:00:00</subfield>
    <subfield code="v">5564.44</subfield>
    <subfield code="w">2017-05-02</subfield>
    <subfield code="y">BK</subfield>
  </datafield>
</record>
